The famous six

Bibliographic Details
Main Author: Yan Pang
Format: Book
Published: Kuala Lumpur : Penerbit Tetra Sinar , 2002
Series:The growing years series
Subjects:

MARC

LEADER 00000cam a2200000 7i4500
001 0000001675
005 20151222.0
008 070718
020 |a 983111177X 
090 0 0 |a JF   |b ENG (1713) 
100 0 |a Yan Pang 
245 1 4 |a The famous six   |c Yan Pang 
260 |a Kuala Lumpur :   |b Penerbit Tetra Sinar ,   |c 2002 
440 4 |a The growing years series 
500 |a Children ages 7-9 years old (orange) 
650 0 |a Junior fiction   |x English   |x Languages 
999 |a 0000966398   |b Book   |c Children Collection   |e Perbadanan Perpustakaan Awam Johor 
999 |a 0000966399   |b Book   |c Children Collection   |e Perbadanan Perpustakaan Awam Johor 
999 |a 0000966401   |b Book   |c Children Collection   |e Perbadanan Perpustakaan Awam Johor